| 000 | 00632nam a2200217 a 4500 | ||
|---|---|---|---|
| 005 | 20250116063841.0 | ||
| 008 | 010521s2000 r 000 0 eng d | ||
| 020 | _a9879191951 | ||
| 035 | _aUPN01000106594 | ||
| 049 | _aCG | ||
| 050 | 4 |
_aLC196 _bL3.6 |
|
| 100 | 1 |
_aLarrosa, Jorge _931056 |
|
| 245 | 1 | 0 |
_aPedagogía profana : _bestudios sobre lenguaje, subjetividad, formación / _cJorge Larrosa. |
| 260 |
_aBuenos Aires : _bNovedades Educativas : _bCEPFHE, _c2000 |
||
| 300 | _a192 p. | ||
| 440 | 0 | _aEdu/causa | |
| 650 | 4 |
_aPedagogía crítica _98121 |
|
| 650 | 4 |
_aLectura _913351 |
|
| 650 | 4 |
_aEducación _9682 |
|
| 905 | _aLibro | ||
| 999 |
_c80506 _d80506 |
||